Research Anthology on Advancements in Women's Health and Reproductive Rights / (Record no. 52492)

MARC details
000 -LEADER
fixed length control field 00756nam a22002297a 4500
003 - CONTROL NUMBER IDENTIFIER
control field OSt
008 - FIXED-LENGTH DATA ELEMENTS--GENERAL INFORMATION
fixed length control field 260630b |||||||| |||| 00| 0 eng d
020 ## - INTERNATIONAL STANDARD BOOK NUMBER
International Standard Book Number 9781668467206
082 ## - DEWEY DECIMAL CLASSIFICATION NUMBER
Classification number 613.94
Item number I43R
100 ## - MAIN ENTRY--PERSONAL NAME
Personal name IRMA
245 ## - TITLE STATEMENT
Title Research Anthology on Advancements in Women's Health and Reproductive Rights /
Statement of responsibility, etc. by Information Resources Management Association
260 ## - PUBLICATION, DISTRIBUTION, ETC. (IMPRINT)
Place of publication, distribution, etc .- USA
Name of publisher, distributor, etc : IGI Global
Date of publication, distribution, etc , 2022
300 ## - PHYSICAL DESCRIPTION
Extent vol.- l, (xxv,543); vol.- ll, (xxv,544-1101)p.
365 ## - TRADE PRICE
Price note 2vol. Set. Price- 131712.00
650 ## - SUBJECT ADDED ENTRY--TOPICAL TERM
Topical term or geographic name as entry element Technology (Applied Sciences)
650 ## - SUBJECT ADDED ENTRY--TOPICAL TERM
Topical term or geographic name as entry element Medicine and Health
650 ## - SUBJECT ADDED ENTRY--TOPICAL TERM
Topical term or geographic name as entry element Women's Health
650 ## - SUBJECT ADDED ENTRY--TOPICAL TERM
Topical term or geographic name as entry element Reproductive Health
650 ## - SUBJECT ADDED ENTRY--TOPICAL TERM
Topical term or geographic name as entry element Reproductive Health Services
650 ## - SUBJECT ADDED ENTRY--TOPICAL TERM
Topical term or geographic name as entry element Reproductive Rights
942 ## - ADDED ENTRY ELEMENTS (KOHA)
Source of classification or shelving scheme
Koha item type Reference Books
Holdings
Withdrawn status Lost status Source of classification or shelving scheme Damaged status Not for loan Home library Current library Shelving location Date acquired Source of acquisition Cost, normal purchase price Full call number Barcode Date last seen Bill Date Koha item type Public note Bill Number
          Dr. Rajendra Prasad Central Agricultural University Pusa, Dr. Rajendra Prasad Central Agricultural University Pusa, Reference 30/06/2026 TTPP, New Delhi 65856.00 613.94 I43R 87666 30/06/2026 29/01/2026 Reference Books Volume- l IN-00449
          Dr. Rajendra Prasad Central Agricultural University Pusa, Dr. Rajendra Prasad Central Agricultural University Pusa, Reference 30/06/2026 TTPP, New Delhi 65856.00 613.94 I43R 87667 30/06/2026 29/01/2026 Reference Books Volume- ll IN-00449
Hosted, Implemented, Customized & Maintained by: BestBookBuddies

Powered by Koha